[Event "RUS-chT (Women)"]
[Site "Sochi"]
[Date "2019.05.02"]
[Round "2.4"]
[White "Makarova, Ekaterina"]
[Black "Tishova, Svetlana"]
[Result "0-1"]
[WhiteElo "1630"]
[BlackElo "2093"]
[PlyCount "126"]
[EventDate "2019.05.01"]
[EventType "team-swiss"]
[EventRounds "9"]
[EventCountry "RUS"]
[SourceTitle "CBM 190 Extra"]
[Source "ChessBase"]
[SourceDate "2019.07.15"]
[SourceVersion "1"]
[SourceVersionDate "2019.07.15"]
[SourceQuality "1"]
[WhiteTeam "Altai Territory (W)"]
[BlackTeam "Moscow Devyataya Gorizontal (W)"]
[WhiteTeamCountry "RUS"]
[BlackTeamCountry "RUS"]

1. d4 Nf6 2. Nf3 d5 3. Bf4 c5 4. c3 Nc6 5. e3 Qb6 6. Qb3 c4 7. Qc2 Bf5 8. Qc1 e6 9. Nbd2 h6 10. h3 Qd8 11. Be2 Be7 12. 0-0 0-0 13. Bd1 Bd6 14. Bxd6 Qxd6 15. Bc2 b5 16. Re1 Bxc2 17. Qxc2 b4 18. e4 Nh5 19. exd5 exd5 20. Ne5 bxc3 21. bxc3 Nxe5 22. Rxe5 Nf4 23. Nf1 Nd3 24. Re3 Rab8 25. Rb1 Rxb1 26. Qxb1 Rb8 27. Qd1 Rb2 28. Qh5 Rxf2 29. Rxd3 Rxf1+ 30. Kxf1 cxd3 31. Qf3 Qa6 32. Ke1 Qxa2 33. Qxd3 Qxg2 34. Qf5 g6 35. Qc8+ Kg7 36. Qc7 Qe4+ 37. Kd2 a6 38. Qa5 Qe6 39. Qa1 h5 40. h4 Qb6 41. Qe1 Qf6 42. Qh1 Qd6 43. Kc2 a5 44. Kb3 Qc6 45. Qh2 a4+ 46. Kc2 Qb7 47. Qe5+ Kh7 48. Qd6 Qb3+ 49. Kd2 Qb2+ 50. Kd3 Qb1+ 51. Kd2 Qf5 52. Qe7 Qf2+ 53. Kd3 a3 54. Qxa3 Qxh4 55. Qd6 Qe4+ 56. Kd2 h4 57. Qf6 Kg8 58. Qf1 Kg7 59. Qh3 Qf4+ 60. Ke2 Qg3 61. Qh1 Qg4+ 62. Kd2 h3 63. Qxd5 Qg2+ 0-1

[Event "RUS-ch U20 Girls"]
[Site "Loo"]
[Date "2019.04.27"]
[Round "8"]
[White "Potapova, Margarita"]
[Black "Tishova, Svetlana"]
[Result "1-0"]
[WhiteElo "2278"]
[BlackElo "2093"]
[PlyCount "79"]
[EventDate "2019.04.20"]
[EventType "tourn"]
[EventRounds "9"]
[EventCountry "RUS"]
[SourceTitle "CBM 190 Extra"]
[Source "ChessBase"]
[SourceDate "2019.07.15"]
[SourceVersion "1"]
[SourceVersionDate "2019.07.15"]
[SourceQuality "1"]

1. d4 Nf6 2. c4 e6 3. Nf3 Bb4+ 4. Nbd2 0-0 5. a3 Bxd2+ 6. Bxd2 Ne4 7. e3 d6 8. Bd3 f5 9. 0-0 Nd7 10. Be1 b6 11. Nd2 Bb7 12. f3 Nxd2 13. Bxd2 Qh4 14. Qc2 g6 15. b4 c5 16. Bc3 Rfe8 17. Bb2 e5 18. bxc5 bxc5 19. d5 f4 20. exf4 Qxf4 21. Rae1 Qh6 22. Kh1 Rf8 23. Bc1 Qg7 24. Bd2 g5 25. Qc1 h6 26. h4 Nf6 27. hxg5 hxg5 28. Bxg5 Kf7 29. f4 Qh8+ 30. Kg1 Ng4 31. fxe5+ Kg8 32. Bf4 dxe5 33. Bg3 Qg7 34. Bf5 Rae8 35. Be6+ Kh8 36. Rxf8+ Rxf8 37. Re4 Nf6 38. Bxe5 Qg6 39. Rh4+ Kg7 40. Rg4 1-0

[Event "RUS-ch U20 Girls"]
[Site "Loo"]
[Date "2019.04.26"]
[Round "7"]
[White "Tishova, Svetlana"]
[Black "Diakonova, Ekaterina"]
[Result "0-1"]
[WhiteElo "2093"]
[BlackElo "2214"]
[PlyCount "90"]
[EventDate "2019.04.20"]
[EventType "tourn"]
[EventRounds "9"]
[EventCountry "RUS"]
[SourceTitle "CBM 190 Extra"]
[Source "ChessBase"]
[SourceDate "2019.07.15"]
[SourceVersion "1"]
[SourceVersionDate "2019.07.15"]
[SourceQuality "1"]

1. e4 c6 2. d4 d5 3. exd5 cxd5 4. Bd3 Nc6 5. c3 Nf6 6. Bf4 Bg4 7. Qb3 Qc8 8. Nd2 e6 9. Ngf3 Be7 10. 0-0 0-0 11. Qc2 Bh5 12. Ne5 Bg6 13. Nxg6 hxg6 14. Rae1 Nh5 15. Be3 Bd6 16. g3 Qc7 17. Nf3 Ne7 18. Bc1 Rab8 19. Qe2 a6 20. Ne5 b5 21. a3 Nf6 22. h4 Nc6 23. Kg2 a5 24. Bf4 Nh5 25. Bxb5 Nxf4+ 26. gxf4 Nxe5 27. dxe5 Be7 28. h5 g5 29. Bd3 gxf4 30. h6 g5 31. Bb1 f5 32. Qh5 Kh7 33. Re2 Qc4 34. Rg1 d4 35. Kh2 dxc3 36. bxc3 Qxc3 37. Ba2 f3 38. Rxg5 Bxg5 39. Qxg5 Rb7 40. Re3 Qd2 41. Bxe6 Qxf2+ 42. Kh3 Qf1+ 43. Kh4 Qh1+ 44. Kg3 f4+ 45. Kg4 Qg2+ 0-1

[Event "RUS-ch U20 Girls"]
[Site "Loo"]
[Date "2019.04.23"]
[Round "4"]
[White "Dimitrova, Aleksandra"]
[Black "Tishova, Svetlana"]
[Result "1-0"]
[WhiteElo "2303"]
[BlackElo "2093"]
[PlyCount "77"]
[EventDate "2019.04.20"]
[EventType "tourn"]
[EventRounds "9"]
[EventCountry "RUS"]
[SourceTitle "CBM 190 Extra"]
[Source "ChessBase"]
[SourceDate "2019.07.15"]
[SourceVersion "1"]
[SourceVersionDate "2019.07.15"]
[SourceQuality "1"]

1. e4 c5 2. Nf3 e6 3. d4 cxd4 4. Nxd4 a6 5. Bd3 Nf6 6. 0-0 Qc7 7. Qe2 Bd6 8. Kh1 Nc6 9. Nxc6 dxc6 10. f4 e5 11. f5 Bc5 12. a4 Bd7 13. Nd2 Rd8 14. a5 Bc8 15. Nc4 h6 16. Bd2 Qe7 17. Be1 Nd7 18. Rf3 Ba7 19. c3 Nc5 20. Bc2 g5 21. Bf2 Bb8 22. Rh3 Nd7 23. Be3 Kf8 24. Rf1 Kg7 25. Rg3 f6 26. h4 Rdg8 27. Kg1 Kf8 28. Qf2 Bc7 29. Bb3 Rg7 30. Rd1 Qe8 31. Nd6 Bxd6 32. Rxd6 Rhh7 33. Bc5 Re7 34. Re6 Nxc5 35. Rxf6+ Rhf7 36. Bxf7 Rxf7 37. Qxc5+ Kg7 38. Rg6+ Kh7 39. hxg5 1-0

[Event "RUS-ch U20 Girls"]
[Site "Loo"]
[Date "2019.04.22"]
[Round "3"]
[White "Tishova, Svetlana"]
[Black "Shvedova, Alexandra"]
[Result "0-1"]
[WhiteElo "2093"]
[BlackElo "1895"]
[PlyCount "108"]
[EventDate "2019.04.20"]
[EventType "tourn"]
[EventRounds "9"]
[EventCountry "RUS"]
[SourceTitle "CBM 190 Extra"]
[Source "ChessBase"]
[SourceDate "2019.07.15"]
[SourceVersion "1"]
[SourceVersionDate "2019.07.15"]
[SourceQuality "1"]

1. e4 e5 2. Nf3 Nc6 3. Bb5 a6 4. Ba4 d6 5. d4 b5 6. Bb3 Nxd4 7. Nxd4 exd4 8. Bd5 Rb8 9. Qxd4 Bd7 10. a3 Nf6 11. Ba2 Bc6 12. Nc3 Be7 13. 0-0 0-0 14. Re1 Nd7 15. Nd5 Re8 16. Bd2 Bxd5 17. Qxd5 Ne5 18. Ba5 Qd7 19. f4 c6 20. Qd2 Ng4 21. Bc3 Bd8 22. h3 Bb6+ 23. Bd4 Qa7 24. Rad1 Nf6 25. Qd3 c5 26. Bf2 c4 27. Qf3 Bxf2+ 28. Qxf2 Qxf2+ 29. Kxf2 Nxe4+ 30. Kf3 f5 31. g4 Rbd8 32. a4 d5 33. axb5 axb5 34. gxf5 Kf7 35. c3 Kf6 36. Bb1 h5 37. Rg1 Re7 38. Rg6+ Kf7 39. Rb6 Nf6 40. Rxb5 Rde8 41. Rd2 h4 42. Kg2 Re3 43. Rb7+ Kf8 44. Rb6 Rg3+ 45. Kh2 Ree3 46. Re6 Rxh3+ 47. Kg1 Rhg3+ 48. Rg2 Rxg2+ 49. Kxg2 Rg3+ 50. Kh1 h3 51. Kh2 Rf3 52. Re1 Ng4+ 53. Kh1 Rf2 54. Rc1 Rg2 0-1

[Event "Moscow op-F 14th"]
[Site "Moscow"]
[Date "2018.02.01"]
[Round "7"]
[White "Styazhkina, Anna"]
[Black "Tishova, Svetlana"]
[Result "1-0"]
[WhiteElo "2283"]
[BlackElo "2136"]
[PlyCount "45"]
[EventDate "2018.01.26"]
[EventType "swiss"]
[EventRounds "9"]
[EventCountry "RUS"]
[SourceTitle "CBM 182 Extra"]
[Source "ChessBase"]
[SourceDate "2018.02.23"]
[SourceVersion "1"]
[SourceVersionDate "2018.02.23"]
[SourceQuality "1"]

1. e4 c5 2. Nf3 e6 3. d4 cxd4 4. Nxd4 a6 5. Bd3 Nf6 6. Qe2 d6 7. 0-0 Qc7 8. c4 g6 9. Nc3 Bg7 10. Be3 Nc6 11. Nc2 Ne5 12. f3 Nfd7 13. f4 Nxd3 14. Qxd3 Nc5 15. Qd2 0-0 16. Bd4 Bxd4+ 17. Nxd4 b6 18. Rae1 Nd7 19. f5 e5 20. Nd5 Qb7 21. Qh6 f6 22. Ne6 Rf7 23. fxg6 1-0

[Event "Moscow op-F 14th"]
[Site "Moscow"]
[Date "2018.01.28"]
[Round "3"]
[White "Zakhartsov, Vladimir"]
[Black "Tishova, Svetlana"]
[Result "1-0"]
[WhiteElo "2472"]
[BlackElo "2136"]
[PlyCount "71"]
[EventDate "2018.01.26"]
[EventType "swiss"]
[EventRounds "9"]
[EventCountry "RUS"]
[SourceTitle "CBM 182 Extra"]
[Source "ChessBase"]
[SourceDate "2018.02.23"]
[SourceVersion "1"]
[SourceVersionDate "2018.02.23"]
[SourceQuality "1"]

1. c4 e5 2. Nc3 Nc6 3. g3 f5 4. Bg2 Nf6 5. e3 d6 6. d4 g6 7. b4 a6 8. Nge2 Bg7 9. 0-0 0-0 10. Rb1 Qe8 11. c5 e4 12. b5 Ne7 13. b6 dxc5 14. bxc7 Qc6 15. Ba3 Qxc7 16. Bxc5 Be6 17. Rb6 Bc4 18. Qb1 Rfb8 19. Bd6 Qd7 20. Bxb8 Rxb8 21. Rc1 Nc8 22. Rb4 Nd6 23. Bf1 a5 24. Rb6 Nc8 25. Rxf6 Bxf6 26. Nxe4 fxe4 27. Rxc4 Nd6 28. Rc5 b6 29. Rxa5 bxa5 30. Qxb8+ Kg7 31. Nc3 Qc6 32. Qa7+ Nb7 33. Qa6 Qxc3 34. Qxb7+ Kh6 35. Qxe4 Qa1 36. Qe6 1-0

[Event "Marianske Lazne op 16th"]
[Site "Marianske Lazne"]
[Date "2017.01.24"]
[Round "4"]
[White "Tishova, Svetlana"]
[Black "Roesemann, Rainer"]
[Result "0-1"]
[WhiteElo "2214"]
[BlackElo "2265"]
[PlyCount "62"]
[EventDate "2017.01.21"]
[EventType "swiss"]
[EventRounds "9"]
[EventCountry "CZE"]
[SourceTitle "CBM 176 Extra"]
[Source "ChessBase"]
[SourceDate "2017.03.02"]
[SourceVersion "1"]
[SourceVersionDate "2017.03.02"]
[SourceQuality "1"]

1. e4 c6 2. d4 d5 3. Nc3 dxe4 4. Nxe4 Nf6 5. Nxf6+ exf6 6. c3 Bd6 7. Bd3 0-0 8. Qc2 Re8+ 9. Ne2 h6 10. Be3 Be6 11. Ng3 Nd7 12. 0-0 Qc7 13. c4 Rad8 14. Rad1 Bg4 15. Rc1 c5 16. d5 Ne5 17. Be4 Bc8 18. Rfe1 Ng4 19. Bd2 Be5 20. h3 Nxf2 21. Kxf2 Bxg3+ 22. Kf3 Bxe1 23. Rxe1 f5 24. Bxf5 Rxe1 25. Bxe1 Qe5 26. Bxc8 Qxe1 27. Bxb7 Rd6 28. Qd3 Rf6+ 29. Kg4 Qe5 30. h4 Rf4+ 31. Kh3 Re4 0-1

[Event "Marianske Lazne op 16th"]
[Site "Marianske Lazne"]
[Date "2017.01.21"]
[Round "1"]
[White "Ruzicka, Vaclav1111"]
[Black "Tishova, Svetlana"]
[Result "0-1"]
[WhiteElo "1678"]
[BlackElo "2214"]
[PlyCount "110"]
[EventDate "2017.01.21"]
[EventType "swiss"]
[EventRounds "9"]
[EventCountry "CZE"]
[SourceTitle "CBM 176 Extra"]
[Source "ChessBase"]
[SourceDate "2017.03.02"]
[SourceVersion "1"]
[SourceVersionDate "2017.03.02"]
[SourceQuality "1"]

1. d4 Nf6 2. c4 e6 3. Nf3 d5 4. g3 Bb4+ 5. Bd2 Bd6 6. Bg2 0-0 7. 0-0 c6 8. cxd5 exd5 9. Qc2 Re8 10. Nc3 Bg4 11. h3 Bh5 12. Bg5 Nbd7 13. Nh4 h6 14. Bxf6 Qxf6 15. Qf5 Qxf5 16. Nxf5 Bb4 17. Bf3 Bxf3 18. exf3 Nb6 19. Ne3 Rad8 20. a3 Be7 21. b4 Nc4 22. Kg2 Bf6 23. Nc2 b6 24. Rfe1 Rxe1 25. Rxe1 c5 26. bxc5 bxc5 27. Ne2 cxd4 28. Nexd4 Nxa3 29. Nxa3 Bxd4 30. Nc2 Bc5 31. Kf1 Kf8 32. f4 f6 33. f3 Rb8 34. Rd1 Rb2 35. Rd2 Ke7 36. Ke2 Kd6 37. Kd3 Rb3+ 38. Ke2 a5 39. Rd3 a4 40. Kd2 Rxd3+ 41. Kxd3 Bf2 42. g4 Kc5 43. f5 Bg3 44. Kc3 Be5+ 45. Kd3 Bb2 46. h4 a3 47. h5 a2 48. Ke3 a1Q 49. Nxa1 Bxa1 50. Kd3 Be5 51. Kd2 Kc4 52. Kc2 d4 53. Kd2 d3 54. Kc1 Kc3 55. Kd1 d2 0-1

[Event "Prague op 16th"]
[Site "Prague"]
[Date "2017.01.20"]
[Round "9"]
[White "Strebkovs, Andrejs"]
[Black "Tishova, Svetlana"]
[Result "1/2-1/2"]
[WhiteElo "2325"]
[BlackElo "2214"]
[PlyCount "67"]
[EventDate "2017.01.13"]
[EventType "swiss"]
[EventRounds "9"]
[EventCountry "CZE"]
[SourceTitle "CBM 176 Extra"]
[Source "ChessBase"]
[SourceDate "2017.03.02"]
[SourceVersion "1"]
[SourceVersionDate "2017.03.02"]
[SourceQuality "1"]

1. e4 c5 2. c3 d5 3. exd5 Qxd5 4. Nf3 Nf6 5. d4 Bg4 6. Be2 e6 7. 0-0 Nc6 8. h3 Bh5 9. Be3 cxd4 10. Nxd4 Bxe2 11. Qxe2 Nxd4 12. Bxd4 Be7 13. Rd1 Qc6 14. Nd2 0-0 15. Qc4 Qxc4 16. Nxc4 Rfc8 17. Ne3 Ne4 18. c4 f6 19. b3 Rd8 20. Bb2 Bc5 21. Rxd8+ Rxd8 22. Rd1 Rd2 23. Rxd2 Nxd2 24. Nc2 Kf7 25. Bd4 Bxd4 26. Nxd4 Ne4 27. Ne2 Ke7 28. f3 Nc5 29. Kf2 Kd6 30. Ke3 e5 31. Nc3 a6 32. b4 Ne6 33. Ne2 f5 34. Kd3 1/2-1/2

[Event "Prague op 16th"]
[Site "Prague"]
[Date "2017.01.18"]
[Round "7"]
[White "Lovkov, Roman"]
[Black "Tishova, Svetlana"]
[Result "1-0"]
[WhiteElo "2433"]
[BlackElo "2214"]
[PlyCount "97"]
[EventDate "2017.01.13"]
[EventType "swiss"]
[EventRounds "9"]
[EventCountry "CZE"]
[SourceTitle "CBM 176 Extra"]
[Source "ChessBase"]
[SourceDate "2017.03.02"]
[SourceVersion "1"]
[SourceVersionDate "2017.03.02"]
[SourceQuality "1"]

1. d4 d5 2. c4 e6 3. Nf3 Nf6 4. g3 Bb4+ 5. Bd2 Bd6 6. Bg2 0-0 7. 0-0 c6 8. Qc2 Nbd7 9. Bg5 h6 10. Bxf6 Qxf6 11. Nc3 dxc4 12. Ne4 Qg6 13. Nh4 Qh7 14. Rac1 Bc7 15. f4 Nb6 16. Qd2 Rd8 17. Qe3 Nd5 18. Qf2 b5 19. Nc5 Bd6 20. Nf3 f6 21. a3 Be7 22. Rfe1 Bd7 23. e4 Nb6 24. Bh3 Bxc5 25. dxc5 Na4 26. Rcd1 g5 27. e5 g4 28. Bxg4 f5 29. Bh3 Be8 30. Rd6 Qe7 31. Qd4 Bh5 32. Nd2 a6 33. Bg2 Be8 34. Bf3 Rxd6 35. exd6 Qg7 36. Re5 h5 37. Bd1 h4 38. Nf1 Rb8 39. b3 cxb3 40. Bxb3 Bd7 41. Kg2 Qg4 42. Bxe6+ Bxe6 43. Rxe6 h3+ 44. Kf2 Qg7 45. Re5 Qf7 46. Re7 Qg6 47. d7 Rd8 48. Qe5 Kf8 49. Re6 1-0

[Event "Chigorin Memorial 24th"]
[Site "St Petersburg"]
[Date "2016.10.22"]
[Round "8"]
[White "Tishova, Svetlana"]
[Black "Gabrielian, Artur"]
[Result "0-1"]
[WhiteElo "2317"]
[BlackElo "2524"]
[PlyCount "102"]
[EventDate "2016.10.15"]
[EventType "swiss"]
[EventRounds "9"]
[EventCountry "RUS"]
[SourceTitle "CBM 175 Extra"]
[Source "ChessBase"]
[SourceDate "2016.12.12"]
[SourceVersion "1"]
[SourceVersionDate "2016.12.12"]
[SourceQuality "1"]

1. e4 c5 2. Nf3 d6 3. Bb5+ Nd7 4. 0-0 Ngf6 5. Re1 a6 6. Bd3 g6 7. c3 Bg7 8. Bc2 0-0 9. d4 e5 10. a4 exd4 11. cxd4 cxd4 12. Qxd4 Qc7 13. Nc3 Re8 14. Qd1 Ne5 15. Nxe5 dxe5 16. Bb3 Bg4 17. f3 Rad8 18. Qc2 Bc8 19. Be3 Rd6 20. a5 Be6 21. Bxe6 Rexe6 22. Rec1 Rc6 23. b4 Red6 24. Bc5 Rd7 25. Qb2 Bf8 26. Bxf8 Kxf8 27. b5 Rc4 28. bxa6 Qc5+ 29. Qf2 bxa6 30. Qxc5+ Rxc5 31. Na4 Rb5 32. Nb6 Rd3 33. Rc6 Nh5 34. Nd5 Rd2 35. Kh1 Rxa5 36. Rg1 Nf4 37. Nc7 Nd3 38. h3 Rda2 39. Rb1 Ra1 40. Rcb6 Nf4 41. Kh2 Rxb1 42. Rxb1 Ra2 43. Kh1 Rxg2 44. Nxa6 Rg3 45. Rb3 Rxh3+ 46. Kg1 Rg3+ 47. Kh2 Rg2+ 48. Kh1 Rd2 49. Nb4 Kg7 50. Nc6 f6 51. Rb7+ Kh6 0-1

[Event "Chigorin Memorial 24th"]
[Site "St Petersburg"]
[Date "2016.10.17"]
[Round "3"]
[White "Kiseleva, Arina"]
[Black "Tishova, Svetlana"]
[Result "1/2-1/2"]
[WhiteElo "2059"]
[BlackElo "2317"]
[PlyCount "115"]
[EventDate "2016.10.15"]
[EventType "swiss"]
[EventRounds "9"]
[EventCountry "RUS"]
[SourceTitle "CBM 175 Extra"]
[Source "ChessBase"]
[SourceDate "2016.12.12"]
[SourceVersion "1"]
[SourceVersionDate "2016.12.12"]
[SourceQuality "1"]

1. d4 Nf6 2. Nf3 e6 3. c4 d5 4. e3 Be7 5. b3 b6 6. Bb2 Bb7 7. Bd3 Nbd7 8. 0-0 c5 9. cxd5 Bxd5 10. Nc3 Bb7 11. dxc5 Bxc5 12. Qe2 0-0 13. Rfd1 Qe7 14. Rac1 Rfd8 15. Ng5 Rac8 16. Nce4 h6 17. Nxf6+ Nxf6 18. Bxf6 Qxf6 19. Ne4 Qg6 20. f3 Bxe4 21. Bxe4 Rxd1+ 22. Rxd1 Qg5 23. Re1 f5 24. Bb1 f4 25. Qa6 Rd8 26. Kh1 Qh4 27. Rf1 fxe3 28. g3 Qh3 29. Bd3 h5 30. Qc4 Rd4 31. Qc2 h4 32. g4 Kf7 33. Qe2 Bd6 34. Rd1 Bf4 35. Bg6+ Kxg6 36. Rxd4 Bxh2 37. Qg2 Qxg2+ 38. Kxg2 Bg3 39. Re4 Bf2 40. Rxe6+ Kg5 41. a4 Kf4 42. Re4+ Kg5 43. Kh3 Kf6 44. f4 Bg3 45. b4 a5 46. b5 g6 47. Rxe3 Bxf4 48. Rc3 Kg5 49. Rd3 Bg3 50. Rf3 Be5 51. Re3 Kf4 52. Rd3 g5 53. Rd8 Ke4 54. Re8 Kd5 55. Rc8 Bd4 56. Rc6 Bc5 57. Rg6 Be3 58. Rc6 1/2-1/2

[Event "Chigorin Memorial 24th"]
[Site "St Petersburg"]
[Date "2016.10.16"]
[Round "2"]
[White "Tishova, Svetlana"]
[Black "Kovalev, Vladislav"]
[Result "0-1"]
[WhiteElo "2317"]
[BlackElo "2609"]
[PlyCount "116"]
[EventDate "2016.10.15"]
[EventType "swiss"]
[EventRounds "9"]
[EventCountry "RUS"]
[SourceTitle "CBM 175 Extra"]
[Source "ChessBase"]
[SourceDate "2016.12.12"]
[SourceVersion "1"]
[SourceVersionDate "2016.12.12"]
[SourceQuality "1"]

1. e4 c5 2. Nf3 Nc6 3. Bb5 g6 4. Bxc6 dxc6 5. h3 Bg7 6. d3 Nf6 7. Nc3 Nd7 8. Be3 e5 9. Qd2 Qe7 10. Bh6 Bxh6 11. Qxh6 f6 12. Nh2 Nf8 13. f4 exf4 14. Qxf4 Ne6 15. Qd2 0-0 16. 0-0 Nd4 17. Rf2 Be6 18. b3 Rad8 19. Ne2 Nxe2+ 20. Qxe2 b5 21. Nf3 c4 22. bxc4 bxc4 23. d4 Qa3 24. Qe1 Rb8 25. c3 Rb7 26. Qc1 Qxc1+ 27. Rxc1 Rfb8 28. Rcc2 Kg7 29. Nd2 a5 30. Nf1 Rb1 31. Kh2 Re1 32. Ng3 Rbb1 33. Rb2 a4 34. Rbd2 Rb5 35. Rf1 Rxf1 36. Nxf1 f5 37. e5 a3 38. Kg3 Rb1 39. Ne3 Rb2 40. Rf2 Kf7 41. Nd1 Rb1 42. Ne3 Re1 43. Nc2 Rc1 44. Kf4 Bd5 45. Nxa3 Rxc3 46. Nc2 Be4 47. Nb4 Ra3 48. g4 Ra4 49. gxf5 gxf5 50. a3 Rxa3 51. Ra2 Rb3 52. Na6 Kg6 53. Rf2 Rxh3 54. Nc5 Bd5 55. Rf1 Rh4+ 56. Ke3 Rg4 57. Nd7 Re4+ 58. Kf2 Rf4+ 0-1

[Event "Wch U16 Girls"]
[Site "Khanty-Mansiysk"]
[Date "2016.10.01"]
[Round "9"]
[White "Tishova, Svetlana"]
[Black "Simakova, Elena"]
[Result "1/2-1/2"]
[WhiteElo "2317"]
[BlackElo "1860"]
[PlyCount "84"]
[EventDate "2016.09.22"]
[EventType "swiss"]
[EventRounds "11"]
[EventCountry "RUS"]
[SourceTitle "EXT 2017"]
[Source "ChessBase"]
[SourceDate "2016.10.25"]
[SourceVersion "1"]
[SourceVersionDate "2016.10.25"]
[SourceQuality "1"]

1. e4 c5 2. Nf3 Nc6 3. Bb5 g6 4. Bxc6 bxc6 5. d3 Bg7 6. 0-0 d5 7. e5 Bg4 8. Re1 e6 9. h3 Bxf3 10. Qxf3 Qb8 11. Qe3 Ne7 12. c4 Qb6 13. b3 Nf5 14. Qd2 Rd8 15. Qb2 Qc7 16. Bg5 Rd7 17. Nd2 0-0 18. Nf3 h6 19. Bf6 dxc4 20. Bxg7 Kxg7 21. dxc4 Rfd8 22. Qc1 Nd4 23. Nh2 Qa5 24. Ng4 Nf5 25. Nf6 Rd2 26. Ne4 Rxa2 27. Rxa2 Qxa2 28. Qf4 Qxb3 29. g4 Qb4 30. Rc1 Rd4 31. Qf3 Qb2 32. Re1 Qb4 33. Re2 Qb1+ 34. Kh2 Rd3 35. Re3 Rxe3 36. fxe3 Qb2+ 37. Kg1 Qc1+ 38. Kf2 Qc2+ 39. Ke1 Qc1+ 40. Kf2 Qc2+ 41. Ke1 Qc1+ 42. Kf2 Qc2+ 1/2-1/2

[Event "EU-ch U16 Girls 26th"]
[Site "Prague"]
[Date "2016.08.27"]
[Round "9"]
[White "Tishova, Svetlana"]
[Black "Sieber, Fiona"]
[Result "0-1"]
[WhiteElo "2012"]
[BlackElo "2173"]
[PlyCount "146"]
[EventDate "2016.08.18"]
[EventType "swiss"]
[EventRounds "9"]
[EventCountry "CZE"]
[SourceTitle "CBM 174 Extra"]
[Source "ChessBase"]
[SourceDate "2016.10.10"]
[SourceVersion "1"]
[SourceVersionDate "2016.10.10"]
[SourceQuality "1"]

1. e4 c5 2. Nf3 d6 3. Bb5+ Nd7 4. d4 Ngf6 5. 0-0 a6 6. Bxd7+ Qxd7 7. Nc3 cxd4 8. Qxd4 e5 9. Qd3 h6 10. a4 Be7 11. Nd2 Qc6 12. Nc4 Be6 13. Ne3 Rc8 14. Rd1 Bc4 15. Nxc4 Qxc4 16. f3 Qxd3 17. Rxd3 Rc6 18. Be3 Bd8 19. a5 Ke7 20. Ra2 Ke6 21. Kf1 Be7 22. Rd2 Nd7 23. Bf2 Bg5 24. Rd3 Rhc8 25. Ke2 Bc1 26. Be1 h5 27. Kd1 Bf4 28. g3 Bg5 29. h4 Bh6 30. Ke2 f5 31. Bf2 fxe4 32. fxe4 Nf6 33. Ra1 Rc4 34. Rad1 R8c6 35. Kf3 g6 36. Be3 Bxe3 37. Rxe3 R4c5 38. Ra1 Rc8 39. Ke2 d5 40. exd5+ Nxd5 41. Nxd5 Rxd5 42. c3 Rcd8 43. Kf2 Rd2+ 44. Re2 R8d3 45. Rae1 Rxe2+ 46. Rxe2 Rd5 47. Re4 Rxa5 48. Ke3 Ra2 49. Rb4 b5 50. c4 Ra4 51. Rb3 Rxc4 52. Ra3 Rc6 53. Ke4 Rc4+ 54. Ke3 Ra4 55. Rc3 Kd5 56. Rd3+ Kc5 57. Rc3+ Rc4 58. Ra3 Rg4 59. Rxa6 Rxg3+ 60. Ke4 Kc4 61. Kxe5 Rg4 62. Kf6 Kb3 63. Re6 Kxb2 64. Re5 b4 65. Re2+ Kc3 66. Re3+ Kd2 67. Rh3 Kc2 68. Rh2+ Kc3 69. Rh3+ Kc4 70. Re3 b3 71. Re8 b2 72. Rc8+ Kb3 73. Rb8+ Rb4 0-1

[Event "EU-ch U16 Girls 26th"]
[Site "Prague"]
[Date "2016.08.22"]
[Round "5"]
[White "Tishova, Svetlana"]
[Black "Protopopova, Anastasiya"]
[Result "1-0"]
[WhiteElo "2012"]
[BlackElo "2108"]
[PlyCount "78"]
[EventDate "2016.08.18"]
[EventType "swiss"]
[EventRounds "9"]
[EventCountry "CZE"]
[SourceTitle "CBM 174 Extra"]
[Source "ChessBase"]
[SourceDate "2016.10.10"]
[SourceVersion "1"]
[SourceVersionDate "2016.10.10"]
[SourceQuality "1"]

1. e4 e5 2. Nf3 Nc6 3. d4 exd4 4. Nxd4 Bc5 5. Nb3 Bb6 6. Nc3 Nf6 7. Qe2 0-0 8. Bg5 h6 9. Bh4 a5 10. 0-0-0 a4 11. Nd2 Bd4 12. Nb5 a3 13. Nxd4 axb2+ 14. Kb1 Nxd4 15. Qe3 c5 16. Nb3 d6 17. e5 Qb6 18. Nxd4 Nd5 19. Qf3 Bg4 20. Qxd5 Bxd1 21. Nb5 Bg4 22. Bc4 dxe5 23. Be7 Be6 24. Qd6 Qxd6 25. Nxd6 Rfb8 26. Bxe6 fxe6 27. Nc4 b5 28. Nxe5 c4 29. Bb4 Rd8 30. Kxb2 Rd5 31. Ng4 Ra7 32. Re1 Rg5 33. h3 h5 34. Ne3 Rf7 35. Re2 Re5 36. Kc3 Rd7 37. h4 Kh7 38. g3 g5 39. f3 gxh4 1-0

[Event "EU-ch U16 Girls 26th"]
[Site "Prague"]
[Date "2016.08.18"]
[Round "1"]
[White "Vitova, Anna"]
[Black "Tishova, Svetlana"]
[Result "0-1"]
[WhiteElo "1727"]
[BlackElo "2012"]
[PlyCount "76"]
[EventDate "2016.08.18"]
[EventType "swiss"]
[EventRounds "9"]
[EventCountry "CZE"]
[SourceTitle "CBM 174 Extra"]
[Source "ChessBase"]
[SourceDate "2016.10.10"]
[SourceVersion "1"]
[SourceVersionDate "2016.10.10"]
[SourceQuality "1"]

1. e4 c5 2. Nf3 e6 3. d4 cxd4 4. Nxd4 a6 5. Bd3 Nf6 6. Nc3 Qc7 7. 0-0 Nc6 8. Nb3 b5 9. f4 d6 10. Be3 Bb7 11. Qe2 Be7 12. Rad1 Nb8 13. a3 Nbd7 14. g4 h5 15. g5 Ng4 16. Nd4 g6 17. h3 Nxe3 18. Qxe3 Qb6 19. Qf2 0-0 20. Nce2 Rad8 21. h4 e5 22. Nf3 Qxf2+ 23. Rxf2 d5 24. exd5 Bc5 25. fxe5 Bxf2+ 26. Kxf2 Bxd5 27. Ned4 Bb7 28. Kg1 Nxe5 29. Nxe5 Rxd4 30. Rf1 Rxh4 31. Rf6 Rh1+ 32. Kf2 Rh2+ 33. Kf1 Rg2 34. Nd7 Rd8 35. Nc5 Ba8 36. Rxa6 Rxg5 37. Nb3 h4 38. Nd2 h3 0-1

[Event "Moscow op-B (Women)"]
[Site "Moscow"]
[Date "2016.02.03"]
[Round "5"]
[White "Tishova, Svetlana"]
[Black "Budnikova, Varvara"]
[Result "0-1"]
[WhiteElo "2051"]
[BlackElo "1850"]
[PlyCount "44"]
[EventDate "2016.01.30"]
[EventType "swiss"]
[EventRounds "9"]
[EventCountry "RUS"]
[SourceTitle "CBM 170 Extra"]
[Source "ChessBase"]
[SourceDate "2016.02.25"]
[SourceVersion "1"]
[SourceVersionDate "2016.02.25"]
[SourceQuality "1"]

1. e4 e6 2. d4 d5 3. Nc3 Bb4 4. e5 c5 5. Bd2 a6 6. Qg4 Ne7 7. Nf3 Nbc6 8. Qxg7 Rg8 9. Qxh7 cxd4 10. Nb1 Bxd2+ 11. Nbxd2 Qc7 12. g3 Nxe5 13. Nxd4 N5g6 14. 0-0-0 e5 15. N4f3 Bf5 16. c3 Qa5 17. a3 d4 18. Nb1 Rc8 19. c4 Qa4 20. Ne1 Bxb1 21. Qh5 Be4 22. f3 Bd5 0-1

[Event "Moscow op-B (Women)"]
[Site "Moscow"]
[Date "2016.01.30"]
[Round "1"]
[White "Tishova, Svetlana"]
[Black "Nechaeva, Marina"]
[Result "0-1"]
[WhiteElo "2051"]
[BlackElo "2438"]
[PlyCount "80"]
[EventDate "2016.01.30"]
[EventType "swiss"]
[EventRounds "9"]
[EventCountry "RUS"]
[SourceTitle "CBM 170 Extra"]
[Source "ChessBase"]
[SourceDate "2016.02.25"]
[SourceVersion "1"]
[SourceVersionDate "2016.02.25"]
[SourceQuality "1"]

1. e4 c6 2. d4 d5 3. exd5 cxd5 4. Bd3 Nc6 5. c3 Qc7 6. Ne2 Bg4 7. 0-0 e6 8. Qe1 Bxe2 9. Qxe2 Nf6 10. Nd2 Bd6 11. Nf3 0-0 12. Re1 Bf4 13. Ne5 Bxc1 14. Raxc1 Rac8 15. h3 g6 16. Qe3 Qb6 17. Qg5 Nxe5 18. dxe5 Nd7 19. Re2 Kg7 20. h4 f6 21. exf6+ Rxf6 22. Qe3 Qxe3 23. Rxe3 d4 24. Re2 dxc3 25. Rxc3 Rxc3 26. bxc3 Nc5 27. Bc4 Kf7 28. g3 Rf3 29. Rc2 Ne4 30. Re2 Nc5 31. Rc2 Ke7 32. Kg2 Rf8 33. Re2 Rd8 34. Kf3 Kf6 35. g4 h6 36. Ke3 Rd1 37. Kf4 g5+ 38. hxg5+ hxg5+ 39. Ke3 a6 40. Bb3 Rd3# 0-1